[Event "Bodensee op 9th"]
[Site "Bregenz"]
[Date "2025.05.29"]
[Round "6"]
[White "Federer, Colin"]
[Black "Kreutz, Jonas"]
[Result "1-0"]
[WhiteElo "2134"]
[BlackElo "2074"]
[PlyCount "101"]
[EventDate "2025.05.24"]
[EventType "swiss"]
[EventRounds "9"]
[EventCountry "AUT"]
[SourceTitle "CB23_2025"]
[SourceDate "2025.06.04"]
[SourceVersion "1"]
[SourceVersionDate "2025.06.04"]
[SourceQuality "1"]

1. e4 c5 2. Nf3 Nc6 3. d4 cxd4 4. Nxd4 g6 5. c4 Bg7 6. Be3 Qb6 7. Nb5 Qa5+ 8. N5c3 Nf6 9. Nd2 d6 10. Be2 Be6 11. 0-0 Nd7 12. Nb3 Qd8 13. f4 Nb6 14. c5 Nc4 15. Bc1 N4a5 16. Be3 Nc4 17. Bf2 Nxb2 18. Qc1 Bc4 19. Qxb2 Bxe2 20. Qxe2 Bxc3 21. Rac1 Bg7 22. Rfd1 0-0 23. cxd6 exd6 24. e5 d5 25. Qb5 Ne7 26. Nc5 b6 27. Nb7 Qe8 28. Qxe8 Rfxe8 29. Nd6 Red8 30. Rc7 Nf5 31. Nxf7 Rf8 32. Ng5 d4 33. g4 Ne3 34. Bxe3 dxe3 35. Ne6 Rf7 36. Rxf7 Kxf7 37. Nxg7 Kxg7 38. Kg2 Rf8 39. Kf3 e2 40. Re1 Rc8 41. Rxe2 Kf7 42. f5 gxf5 43. gxf5 Rc4 44. e6+ Ke8 45. f6 b5 46. Rg2 Kf8 47. f7 Ke7 48. Rg8 Rc3+ 49. Ke4 Rc4+ 50. Kd5 Rf4 51. Re8+ 1-0

[Event "Bodensee op 9th"]
[Site "Bregenz"]
[Date "2025.05.26"]
[Round "3"]
[White "Tischbierek, Raj"]
[Black "Kreutz, Jonas"]
[Result "1-0"]
[WhiteElo "2409"]
[BlackElo "2074"]
[PlyCount "113"]
[EventDate "2025.05.24"]
[EventType "swiss"]
[EventRounds "9"]
[EventCountry "AUT"]
[SourceTitle "CB23_2025"]
[SourceDate "2025.06.04"]
[SourceVersion "1"]
[SourceVersionDate "2025.06.04"]
[SourceQuality "1"]

1. e4 c5 2. Nf3 d6 3. d4 cxd4 4. Nxd4 Nf6 5. Nc3 a6 6. Be2 e5 7. Nf3 Be7 8. Bg5 Be6 9. Bxf6 Bxf6 10. Qd2 Be7 11. Nd5 Nd7 12. Nxe7 Qxe7 13. Ng5 Nf6 14. Nxe6 Qxe6 15. Bf3 0-0 16. 0-0 Rfd8 17. Rfd1 Rac8 18. c3 Qc4 19. Qe3 Qc5 20. Rd3 Qxe3 21. Rxe3 Kf8 22. Kf1 Rc4 23. Rae1 Ra4 24. a3 Rc4 25. Bd1 Rc6 26. Ba4 b5 27. Bb3 Nd7 28. a4 Nc5 29. Bd5 Rb6 30. axb5 Rxb5 31. b4 Nd7 32. Ra1 Rb6 33. Ke1 Rc8 34. f3 Nf6 35. Bb3 Ra8 36. Re2 Ne8 37. Kd2 a5 38. Bd5 Ra7 39. Kd3 Nc7 40. Rea2 Nxd5 41. exd5 Rc7 42. Rxa5 Rbb7 43. Ra6 Ke7 44. Rc6 Rd7 45. g4 Rb8 46. Raa6 h5 47. h3 hxg4 48. hxg4 g6 49. g5 Rb5 50. Kc4 Rb8 51. b5 Rh8 52. b6 Rh4+ 53. Kb5 Rh1 54. Rc4 Rb1+ 55. Rb4 Rd1 56. Kc6 Rc1 57. c4 1-0

[Event "Bodensee op 9th"]
[Site "Bregenz"]
[Date "2025.05.24"]
[Round "1"]
[White "Walter, Gerhard"]
[Black "Kreutz, Jonas"]
[Result "1/2-1/2"]
[WhiteElo "1899"]
[BlackElo "2074"]
[PlyCount "73"]
[EventDate "2025.05.24"]
[EventType "swiss"]
[EventRounds "9"]
[EventCountry "AUT"]
[SourceTitle "CB23_2025"]
[SourceDate "2025.06.04"]
[SourceVersion "1"]
[SourceVersionDate "2025.06.04"]
[SourceQuality "1"]

1. e4 c5 2. Nf3 d6 3. d4 cxd4 4. Nxd4 Nf6 5. Nc3 a6 6. f3 e5 7. Nb3 Be6 8. Be3 Be7 9. Qd2 h5 10. Nd5 Nxd5 11. exd5 Bf5 12. Be2 Nd7 13. 0-0 Rc8 14. Rac1 Nf6 15. c4 b6 16. Rfe1 Nh7 17. Bd3 Bxd3 18. Qxd3 0-0 19. Nd2 Bg5 20. Bxg5 Qxg5 21. Qe3 Qd8 22. b4 b5 23. cxb5 axb5 24. Ne4 Rxc1 25. Rxc1 f5 26. Nc3 f4 27. Qa7 Qb8 28. Qxb8 Rxb8 29. Ne4 Nf6 30. Nxf6+ gxf6 31. Rc6 Rd8 32. Rb6 Rc8 33. a3 Rc1+ 34. Kf2 Rc2+ 35. Kf1 Rc1+ 36. Kf2 Rc2+ 37. Kf1 1/2-1/2

[Event "Berlin-ch"]
[Site "Berlin"]
[Date "2025.04.22"]
[Round "4"]
[White "Jahnz, Fabian"]
[Black "Kreutz, Jonas"]
[Result "1-0"]
[WhiteElo "2242"]
[BlackElo "2109"]
[PlyCount "62"]
[EventDate "2025.04.19"]
[EventType "swiss"]
[EventRounds "9"]
[EventCountry "GER"]
[SourceTitle "CB18_2025"]
[SourceDate "2025.04.30"]
[SourceVersion "1"]
[SourceVersionDate "2025.04.30"]
[SourceQuality "1"]

1. e4 c5 2. Nc3 d6 3. d4 cxd4 4. Qxd4 Nc6 5. Qd2 g6 6. b3 Bh6 7. f4 Nf6 8. Bb2 e5 9. g3 Nd4 10. 0-0-0 Bg4 11. Nge2 Bxe2 12. Nxe2 Nxe4 13. Qe3 Nxe2+ 14. Bxe2 f5 15. Bxe5 0-0 16. Bc4+ Rf7 17. Bxf7+ Kxf7 18. Qd4 Qa5 19. Bxd6 Rc8 20. Bb4 Qc7 21. Qd7+ Kg8 22. Qxc7 Rxc7 23. Rd8+ Kf7 24. Rhd1 Nf6 25. Bd6 Rc6 26. Rb8 Ke6 27. Be5 Nd7 28. Rxd7 Kxd7 29. Rxb7+ Ke6 30. Rxh7 Bf8 31. Rxa7 Kd5 1-0

[Event "Berlin-ch"]
[Site "Berlin"]
[Date "2025.04.19"]
[Round "1"]
[White "Kreutz, Jonas"]
[Black "Caglar, Ertan"]
[Result "0-1"]
[WhiteElo "2109"]
[BlackElo "1836"]
[PlyCount "104"]
[EventDate "2025.04.19"]
[EventType "swiss"]
[EventRounds "9"]
[EventCountry "GER"]
[SourceTitle "CB18_2025"]
[SourceDate "2025.04.30"]
[SourceVersion "1"]
[SourceVersionDate "2025.04.30"]
[SourceQuality "1"]

1. e4 Nc6 2. Nf3 f5 3. exf5 d5 4. Bb5 Bxf5 5. Ne5 Qd6 6. d4 Nf6 7. 0-0 Nd7 8. Bf4 Ndxe5 9. Bxe5 Qg6 10. c3 Bc2 11. Qe2 a6 12. Bxc6+ bxc6 13. Re1 e6 14. Bxc7 Bf5 15. Nd2 Be7 16. Nf3 Be4 17. Bg3 0-0 18. Ne5 Qe8 19. b4 h5 20. f3 Bf5 21. Nd3 h4 22. Bf2 h3 23. g3 Bd6 24. Nc5 Bxc5 25. bxc5 Qg6 26. Kh1 Rf6 27. Rad1 Raf8 28. Be3 Be4 29. Bf4 Bc2 30. Rd2 Ba4 31. Qf1 Qh7 32. Qd3 Qh5 33. Re5 Qf7 34. Qe3 Rb8 35. Qd3 Bb5 36. Qc2 Bc4 37. Rg5 Rb7 38. Rd1 Rf5 39. Rg4 Qh5 40. Rb1 Rxb1+ 41. Qxb1 Be2 42. Kg1 Bxf3 43. Rh4 Qg6 44. Rxh3 Be4 45. Qb8+ Rf8 46. Qe5 Qg4 47. Rh4 Qd1+ 48. Kf2 Qd2+ 49. Kf1 Bd3+ 50. Kg1 Qd1+ 51. Kf2 Qf1+ 52. Ke3 Qe2# 0-1

[Event "Bremen Silvester op-A"]
[Site "Bremen"]
[Date "2024.12.30"]
[Round "7"]
[White "Donath, Johann"]
[Black "Kreutz, Jonas"]
[Result "0-1"]
[WhiteElo "2100"]
[BlackElo "2009"]
[PlyCount "66"]
[EventDate "2024.12.27"]
[EventType "swiss"]
[EventRounds "7"]
[EventCountry "GER"]
[SourceTitle "CB01_2025"]
[SourceDate "2025.01.01"]
[SourceVersion "1"]
[SourceVersionDate "2025.01.01"]
[SourceQuality "1"]

1. e4 c5 2. Nf3 d6 3. d4 cxd4 4. Nxd4 Nf6 5. Nc3 a6 6. Be3 e5 7. Nf3 Be7 8. Bc4 Be6 9. Bb3 Nbd7 10. 0-0 Rc8 11. Bg5 0-0 12. Qe2 Qc7 13. Rfd1 b5 14. Rac1 Rfd8 15. Nd5 Bxd5 16. exd5 Nb6 17. c3 Qb7 18. Bxf6 Bxf6 19. Qe4 g6 20. h4 Bg7 21. h5 Qe7 22. Nd4 Qg5 23. Nc6 Rd7 24. hxg6 hxg6 25. Ra1 f5 26. Qe2 Kf7 27. Rd3 Rh8 28. Rg3 Qf6 29. a4 f4 30. Rh3 Rxh3 31. gxh3 f3 32. Qe4 Qg5+ 33. Kh2 Qg2# 0-1

[Event "Berlin Werner Ott op"]
[Site "Berlin"]
[Date "2019.06.28"]
[Round "7"]
[White "Guder, Sibylle"]
[Black "Kreutz, Jonas"]
[Result "1-0"]
[WhiteElo "1863"]
[BlackElo "1970"]
[PlyCount "37"]
[EventDate "2019.06.22"]
[EventType "swiss"]
[EventRounds "9"]
[EventCountry "GER"]
[SourceTitle "EXT 2022"]
[Source "ChessBase"]
[SourceDate "2021.10.06"]
[SourceVersion "1"]
[SourceVersionDate "2021.10.06"]
[SourceQuality "1"]

1. e4 e6 2. d3 d5 3. Nd2 c5 4. Ngf3 Nf6 5. g3 Nc6 6. Bg2 Bd6 7. 0-0 0-0 8. c3 b6 9. Qc2 dxe4 10. dxe4 e5 11. Rd1 Qe7 12. Nf1 a5 13. Bg5 Ba6 14. Qd2 Bc7 15. Ne3 Qe6 16. Bxf6 Qxf6 17. Qd7 Ra7 18. Nd5 Qd6 19. Qxc6 1-0

[Event "GER-ch U25-A"]
[Site "Willingen"]
[Date "2019.06.13"]
[Round "7"]
[White "Kreutz, Jonas"]
[Black "Reucker, Friedrich"]
[Result "1/2-1/2"]
[WhiteElo "1970"]
[BlackElo "1939"]
[PlyCount "98"]
[EventDate "2019.06.08"]
[EventType "swiss"]
[EventRounds "9"]
[EventCountry "GER"]
[SourceTitle "CBM 191 Extra"]
[Source "ChessBase"]
[SourceDate "2019.09.30"]
[SourceVersion "1"]
[SourceVersionDate "2019.09.30"]
[SourceQuality "1"]

1. e4 c5 2. Nf3 d6 3. d4 cxd4 4. Qxd4 Nf6 5. Bg5 Nc6 6. Bb5 Bd7 7. Bxc6 bxc6 8. Nc3 e5 9. Qd3 h6 10. Bh4 g5 11. Bg3 Be7 12. h4 g4 13. Nd2 Nh5 14. Nc4 Be6 15. 0-0-0 Bxc4 16. Qxc4 Qb6 17. Rd3 Rb8 18. Na4 Qb5 19. Qxb5 Rxb5 20. c4 Rb4 21. b3 Rg8 22. Rhd1 Nf6 23. Nc3 Nd7 24. Na4 Nf6 25. Re1 Nh5 26. Kc2 f6 27. a3 Rb7 28. b4 Ng7 29. f4 Ne6 30. f5 Nd4+ 31. Kb2 a5 32. Kc3 axb4+ 33. axb4 d5 34. c5 dxe4 35. Rxe4 Nxf5 36. Nb6 Bd8 37. Nc4 Rd7 38. Rxd7 Kxd7 39. Bf2 Ke6 40. g3 Ne7 41. Re1 Nd5+ 42. Kb3 Bc7 43. Ra1 Rb8 44. Be1 f5 45. Ra6 Ne7 46. Ra7 Rc8 47. Bd2 h5 48. Bg5 Nd5 49. Ra6 Kd7 1/2-1/2

[Event "GER-ch U25-A"]
[Site "Willingen"]
[Date "2019.06.10"]
[Round "3"]
[White "Kreutz, Jonas"]
[Black "Dornieden, Jonas"]
[Result "1-0"]
[WhiteElo "1970"]
[BlackElo "1864"]
[PlyCount "69"]
[EventDate "2019.06.08"]
[EventType "swiss"]
[EventRounds "9"]
[EventCountry "GER"]
[SourceTitle "CBM 191 Extra"]
[Source "ChessBase"]
[SourceDate "2019.09.30"]
[SourceVersion "1"]
[SourceVersionDate "2019.09.30"]
[SourceQuality "1"]

1. e4 c6 2. d4 d5 3. e5 c5 4. c4 cxd4 5. Qxd4 Nc6 6. Qxd5 Qxd5 7. cxd5 Nxe5 8. Nc3 a6 9. Bf4 Ng6 10. Bg3 Nf6 11. Na4 Nxd5 12. Bc4 Be6 13. Rd1 Ndf4 14. Bxe6 Nxe6 15. Ne2 Ng5 16. Bc7 Rc8 17. Ba5 e5 18. Nec3 Be7 19. h4 Ne6 20. h5 Ngf8 21. Nb6 Rc5 22. Bb4 Rc6 23. Bxe7 Kxe7 24. Nbd5+ Ke8 25. Rh3 Nf4 26. Nxf4 exf4 27. Rhd3 g5 28. Rd8+ Ke7 29. Rb8 b5 30. Rdd8 Re6+ 31. Kf1 f6 32. Nd5+ Kf7 33. Rb7+ Kg8 34. h6 f5 35. Rg7# 1-0

[Event "Berlin Spandau op"]
[Site "Berlin"]
[Date "2018.12.28"]
[Round "4"]
[White "Piotrowski, Christopher"]
[Black "Kreutz, Jonas"]
[Result "1-0"]
[WhiteElo "2087"]
[BlackElo "1921"]
[PlyCount "69"]
[EventDate "2018.12.27"]
[EventType "swiss"]
[EventRounds "7"]
[EventCountry "GER"]
[SourceTitle "CBM 188 Extra"]
[Source "ChessBase"]
[SourceDate "2019.02.28"]
[SourceVersion "1"]
[SourceVersionDate "2019.02.28"]
[SourceQuality "1"]

1. c4 e6 2. g3 d5 3. Bg2 Nf6 4. Nf3 Be7 5. 0-0 0-0 6. b3 b6 7. Bb2 Bb7 8. e3 Nbd7 9. Nc3 Nc5 10. d4 Nce4 11. Nxe4 Nxe4 12. cxd5 Bxd5 13. Qe2 Ng5 14. Nd2 Bxg2 15. Kxg2 h6 16. Rfd1 Bf6 17. Rac1 Qe7 18. h4 Nh7 19. Rc6 Qd7 20. Rdc1 Bd8 21. Nf3 Nf6 22. Ne5 Qe7 23. Qa6 Nd5 24. Qb7 Qb4 25. Nc4 Be7 26. Qa6 b5 27. Ba3 Rfb8 28. Rxe6 bxc4 29. Bxb4 Nxb4 30. Qxc4 fxe6 31. Qxe6+ Kf8 32. Rxc7 Re8 33. a3 Na2 34. Qf5+ Kg8 35. Rxe7 1-0

[Event "GER-ch U25-A"]
[Site "Willingen"]
[Date "2018.05.23"]
[Round "5"]
[White "Kreutz, Jonas"]
[Black "Reitz, Philipp"]
[Result "1-0"]
[WhiteElo "1853"]
[BlackElo "1980"]
[PlyCount "51"]
[EventDate "2018.05.19"]
[EventType "swiss"]
[EventRounds "9"]
[EventCountry "GER"]
[SourceTitle "CBM 184 Extra"]
[Source "ChessBase"]
[SourceDate "2018.06.28"]
[SourceVersion "1"]
[SourceVersionDate "2018.06.28"]
[SourceQuality "1"]

1. e4 c5 2. Nf3 e6 3. c4 Nc6 4. Nc3 Nd4 5. e5 d6 6. exd6 Bxd6 7. Nxd4 cxd4 8. Nb5 Be5 9. Bd3 a6 10. Na3 Nf6 11. 0-0 h5 12. f4 Bd6 13. Nc2 0-0 14. Kh1 e5 15. fxe5 Bxe5 16. Bf5 Qc7 17. Bxc8 Raxc8 18. d3 Ng4 19. h3 Bg3 20. hxg4 Qe7 21. g5 f5 22. Qxh5 f4 23. g6 Qh4+ 24. Qxh4 Bxh4 25. Rxf4 Bg3 26. Rf3 1-0

[Event "GER-ch U25-A"]
[Site "Willingen"]
[Date "2018.05.22"]
[Round "4"]
[White "Silber, Kevin"]
[Black "Kreutz, Jonas"]
[Result "1-0"]
[WhiteElo "2150"]
[BlackElo "1853"]
[PlyCount "51"]
[EventDate "2018.05.19"]
[EventType "swiss"]
[EventRounds "9"]
[EventCountry "GER"]
[SourceTitle "CBM 184 Extra"]
[Source "ChessBase"]
[SourceDate "2018.06.28"]
[SourceVersion "1"]
[SourceVersionDate "2018.06.28"]
[SourceQuality "1"]

1. e4 e6 2. d4 d5 3. Nd2 Nc6 4. Ngf3 Nf6 5. e5 Nd7 6. c4 dxc4 7. Nxc4 Nb6 8. a3 Ne7 9. Na5 Nbd5 10. Bd3 b6 11. Nc4 Bb7 12. Qc2 Ng6 13. Ne3 Nxe3 14. Bb5+ c6 15. Bxc6+ Ke7 16. Bxe3 Rc8 17. d5 Bxc6 18. dxc6 Qd5 19. Rc1 Nxe5 20. Nxe5 Qxe5 21. 0-0 Ke8 22. Rfd1 Be7 23. Rd7 Bc5 24. Bxc5 Rxc6 25. Re7+ Kf8 26. Rxe6+ 1-0

[Event "Kiel op 30th"]
[Site "Kiel"]
[Date "2017.08.03"]
[Round "8.31"]
[White "Kreutz, Jonas"]
[Black "Koedijk, Klaas Jan"]
[Result "1/2-1/2"]
[WhiteElo "1826"]
[BlackElo "1444"]
[PlyCount "140"]
[EventDate "2017.07.29"]
[EventType "swiss"]
[EventRounds "9"]
[EventCountry "GER"]
[SourceTitle "EXT 2018"]
[Source "ChessBase"]
[SourceDate "2017.10.13"]
[SourceVersion "1"]
[SourceVersionDate "2017.10.13"]
[SourceQuality "1"]

1. e4 c5 2. Nf3 g6 3. c3 d5 4. e5 Nc6 5. d4 Bg7 6. Be2 Qb6 7. a3 Bg4 8. Nbd2 e6 9. h3 Bxf3 10. Nxf3 Nge7 11. b4 cxd4 12. cxd4 Nf5 13. Bb2 0-0 14. g4 Nfe7 15. h4 f6 16. exf6 Bxf6 17. h5 Rac8 18. hxg6 Nxg6 19. Qd2 Bg7 20. Qg5 Nf4 21. Kd2 Nxb4 22. Rxh7 Rc2+ 23. Kd1 Qc7 24. axb4 Rxb2 25. Rc1 Qd7 26. Bb5 Qf7 27. Ne5 Qf6 28. Qxf6 Rxf6 29. Rh2 Rxb4 30. Rc8+ Rf8 31. Rxf8+ Kxf8 32. Nd7+ Kg8 33. Bf1 Rxd4+ 34. Kc2 Rb4 35. Nc5 a5 36. Bd3 Nxd3 37. Kxd3 Rd4+ 38. Ke3 b6 39. Nd7 b5 40. f4 b4 41. Nc5 Rc4 42. Nd3 b3 43. g5 b2 44. Nxb2 Rc3+ 45. Nd3 a4 46. Ra2 a3 47. Kd2 d4 48. Ne1 Bf8 49. Nd3 Bd6 50. Ra1 Kg7 51. Re1 a2 52. Ra1 Ra3 53. Kc2 Kg6 54. Ne1 Bxf4 55. Kb2 Ra5 56. Rxa2 Rxa2+ 57. Kxa2 Bxg5 58. Kb3 Kf5 59. Kc2 Ke4 60. Nd3 e5 61. Nb4 Bf4 62. Kd1 d3 63. Ke1 Kf3 64. Nxd3 e4 65. Nxf4 Kxf4 66. Kf2 e3+ 67. Ke2 Ke4 68. Ke1 Kd3 69. Kd1 e2+ 70. Ke1 Ke3 1/2-1/2

[Event "Kiel op 30th"]
[Site "Kiel"]
[Date "2017.07.31"]
[Round "5"]
[White "Haffner, Alexander"]
[Black "Kreutz, Jonas"]
[Result "1-0"]
[WhiteElo "2113"]
[BlackElo "1826"]
[PlyCount "73"]
[EventDate "2017.07.29"]
[EventType "swiss"]
[EventRounds "9"]
[EventCountry "GER"]
[SourceTitle "EXT 2018"]
[Source "ChessBase"]
[SourceDate "2017.10.13"]
[SourceVersion "1"]
[SourceVersionDate "2017.10.13"]
[SourceQuality "1"]

1. d4 d5 2. Nf3 e6 3. c4 c6 4. cxd5 exd5 5. Nc3 Nf6 6. Bg5 Be7 7. Qc2 g6 8. e3 Bf5 9. Bd3 Bxd3 10. Qxd3 Nbd7 11. 0-0 0-0 12. Nd2 Re8 13. f3 Nh5 14. Bxe7 Qxe7 15. Rae1 Rad8 16. a3 b5 17. Nd1 Nb6 18. Qc3 Nc4 19. Nb3 Nf6 20. Nc5 Nd7 21. Nd3 Ndb6 22. Rf2 a5 23. b3 Nxa3 24. Qxa5 Nd7 25. Qc3 Qd6 26. Ra2 Ra8 27. Qb4 Qxb4 28. Nxb4 Nb1 29. Rb2 c5 30. dxc5 Na3 31. Nxd5 Re5 32. e4 Nxc5 33. Nf2 f5 34. Rc1 Ne6 35. Nd3 Rxd5 36. exd5 Nd4 37. Kf2 1-0

[Event "GER-ch U25-A"]
[Site "Willingen"]
[Date "2017.06.06"]
[Round "5"]
[White "Isler, Benjamin"]
[Black "Kreutz, Jonas"]
[Result "1-0"]
[WhiteElo "1595"]
[BlackElo "1951"]
[PlyCount "51"]
[EventDate "2017.06.04"]
[EventType "swiss"]
[EventRounds "9"]
[EventCountry "GER"]
[SourceTitle "CBM 178 Extra"]
[Source "ChessBase"]
[SourceDate "2017.06.22"]
[SourceVersion "1"]
[SourceVersionDate "2017.06.22"]
[SourceQuality "1"]

1. d4 d5 2. e4 e6 3. Nd2 Nc6 4. c3 e5 5. exd5 Qxd5 6. Ngf3 exd4 7. Bc4 Qh5 8. 0-0 dxc3 9. Re1+ Nge7 10. bxc3 g6 11. Ba3 Qa5 12. Ne4 Bg7 13. Bxe7 Nxe7 14. Nfg5 0-0 15. Nxf7 Rxf7 16. Qd8+ Bf8 17. Bxf7+ Kxf7 18. Nd6+ Kg7 19. Rxe7+ Bxe7 20. Qxe7+ Kh6 21. Nf7+ Kh5 22. h3 g5 23. g4+ Bxg4 24. hxg4+ Kxg4 25. Qe4+ Kh5 26. Kg2 1-0

[Event "Kiel op-B 28th"]
[Site "Kiel"]
[Date "2015.07.30"]
[Round "8"]
[White "Degenhardt, Andreas"]
[Black "Kreutz, Jonas"]
[Result "1/2-1/2"]
[WhiteElo "1762"]
[BlackElo "1659"]
[PlyCount "103"]
[EventDate "2015.07.25"]
[EventType "swiss"]
[EventRounds "9"]
[EventCountry "GER"]
[SourceTitle "EXT 2017"]
[Source "ChessBase"]
[SourceDate "2016.10.25"]
[SourceVersion "1"]
[SourceVersionDate "2016.10.25"]
[SourceQuality "1"]

1. d4 e6 2. Nf3 d5 3. e3 c5 4. dxc5 Bxc5 5. a3 Nf6 6. Nbd2 0-0 7. Bd3 Nc6 8. b4 Bd6 9. c4 Ne5 10. Be2 b6 11. Bb2 Qc7 12. cxd5 Nxd5 13. Rc1 Nxf3+ 14. Nxf3 Qe7 15. e4 Nf4 16. e5 Bb8 17. 0-0 Rd8 18. Qc2 Nxe2+ 19. Qxe2 Bb7 20. Rfd1 Bc7 21. Rd4 Bxf3 22. Qxf3 Rxd4 23. Qxa8+ Rd8 24. Qxa7 Rd2 25. g3 Rd7 26. Qa8+ Rd8 27. Qc6 Rd7 28. Bd4 Rxd4 29. Qxc7 Qxc7 30. Rxc7 Kf8 31. Rc6 Rd1+ 32. Kg2 Ra1 33. Rc3 Ke8 34. Kf3 Kd7 35. Ke3 Re1+ 36. Kd4 Re2 37. Rf3 Ke7 38. Kd3 Rxe5 39. a4 f5 40. Re3 Rd5+ 41. Kc3 e5 42. f4 e4 43. Kc4 Kd6 44. Ra3 Kc6 45. b5+ Kd6 46. a5 bxa5 47. Rxa5 Rd1 48. b6 Kc6 49. Rxf5 Kxb6 50. Re5 Rd2 51. Rxe4 Rxh2 52. Re3 1/2-1/2

[Event "Kiel op-B 28th"]
[Site "Kiel"]
[Date "2015.07.26"]
[Round "4"]
[White "Korte, Andreas"]
[Black "Kreutz, Jonas"]
[Result "0-1"]
[WhiteElo "1354"]
[BlackElo "1659"]
[PlyCount "128"]
[EventDate "2015.07.25"]
[EventType "swiss"]
[EventRounds "9"]
[EventCountry "GER"]
[SourceTitle "EXT 2017"]
[Source "ChessBase"]
[SourceDate "2016.10.25"]
[SourceVersion "1"]
[SourceVersionDate "2016.10.25"]
[SourceQuality "1"]

1. e4 e6 2. d4 d5 3. exd5 exd5 4. h3 Bd6 5. Nf3 Nf6 6. Bd3 0-0 7. 0-0 Nc6 8. c3 Ne7 9. Qc2 Ng6 10. Bxg6 fxg6 11. Bg5 c6 12. Nbd2 Bf5 13. Qd1 h6 14. Bxf6 gxf6 15. Nb3 g5 16. Nfd2 Bg6 17. Re1 Re8 18. Rxe8+ Qxe8 19. Qf1 Qd7 20. Re1 Re8 21. Nc5 Bxc5 22. dxc5 Rxe1 23. Qxe1 Qe8 24. Qxe8+ Bxe8 25. b4 Kf7 26. Nb3 Bd7 27. Nd4 Kg6 28. f3 f5 29. g3 g4 30. h4 f4 31. fxg4 fxg3 32. Kg2 Bxg4 33. Kxg3 Kh5 34. Nc2 b6 35. cxb6 axb6 36. Ne1 Bf5 37. Ng2 Kg6 38. Kf4 Be4 39. Ne3 Kh5 40. Kg3 Kg6 41. Ng4 c5 42. Ne5+ Kf5 43. Ng4 h5 44. Nh6+ Ke6 45. Kf4 Bc2 46. bxc5 bxc5 47. Ke3 Kf6 48. Kf4 d4 49. cxd4 cxd4 50. Ng8+ Kf7 51. Nh6+ Kg7 52. Ng8 Kxg8 53. a4 Bxa4 54. Ke4 Kg7 55. Kxd4 Kg6 56. Ke5 Bd1 57. Kf4 Kf6 58. Ke4 Bg4 59. Kf4 Bf5 60. Ke3 Ke5 61. Kf3 Bg4+ 62. Ke3 Kf5 63. Kf2 Kf4 64. Kg2 Bf5 0-1

[Event "Kiel op-B 28th"]
[Site "Kiel"]
[Date "2015.07.25"]
[Round "1"]
[White "Kreutz, Jonas"]
[Black "Mueller, Richard1"]
[Result "1-0"]
[WhiteElo "1659"]
[BlackElo "1317"]
[PlyCount "77"]
[EventDate "2015.07.25"]
[EventType "swiss"]
[EventRounds "9"]
[EventCountry "GER"]
[SourceTitle "EXT 2017"]
[Source "ChessBase"]
[SourceDate "2016.10.25"]
[SourceVersion "1"]
[SourceVersionDate "2016.10.25"]
[SourceQuality "1"]

1. e4 c5 2. Nc3 Nc6 3. f4 d6 4. Bb5 g6 5. Bxc6+ bxc6 6. Nf3 Bg7 7. 0-0 Nf6 8. d3 0-0 9. Qe1 Qb6 10. Rb1 Ba6 11. Na4 Qb7 12. c4 Qb4 13. Nc3 Qb7 14. Qh4 Rad8 15. f5 Qd7 16. fxg6 hxg6 17. h3 Nh7 18. Be3 e5 19. Qg3 Qe6 20. Bg5 Rb8 21. b3 Rfe8 22. Bd2 Qd7 23. Rb2 Qc7 24. Nd1 d5 25. Ne3 d4 26. Ng4 Re6 27. Ng5 Nxg5 28. Bxg5 Rb7 29. Rbf2 Qb8 30. Nh6+ Bxh6 31. Bxh6 Rbe7 32. Bg5 Rc7 33. Bf6 Rxf6 34. Rxf6 Qe8 35. h4 Kh7 36. h5 gxh5 37. Qg5 Qf8 38. Qxh5+ Kg8 39. Rg6+ 1-0